| 000 | 01280nam a2200253 a 4500 | ||
|---|---|---|---|
| 001 | 39745 | ||
| 003 | BD-RjUL | ||
| 005 | 20211209053042.0 | ||
| 008 | 160417s2015 bg ||||| |||| 00| 0 ben d | ||
| 020 |
_a9789843382771 _c: TK 225.00 |
||
| 035 | _a(BD-RjUL) 39858 | ||
| 040 |
_aBD-RjUL _bben _cBD-RjUL |
||
| 041 | _aben | ||
| 082 |
_223 _a891.5511 _bBAO 2015 |
||
| 100 |
_aবাকী, গাজী আবদুল্লাহেল _9122414 |
||
| 245 | 1 | 0 |
_aওমর খৈয়মের রুবাইয়াত : _bসুফি কাব্যঐতিহ্যের অবিচ্ছেদ্য অংশ / _c গাজী আবদুল্লাহেল বাকী ; শরীফ আতিক-উজ-জামান অনুবাদ |
| 260 |
_aখুলনা : _bনাহার পাবলিকেশনস, _c২০১৫ |
||
| 300 |
_a১৯১ পৃ. ; _c২২ সেমি. |
||
| 505 | _aতথ্যপঞ্জি ও গ্রন্থপঞ্জি সম্বলিত | ||
| 600 |
_aওমার খৈয়াম _xফারসি সাহিত্য _9122415 |
||
| 600 |
_aOmar khayyam _xFarsi literature _9122416 |
||
| 700 |
_a আতিক-উজ-জামান,শরীফ অনুবাদ _9122417 |
||
| 942 |
_2ddc _cBK |
||
| 999 |
_c39745 _d39745 |
||